header

Health effects of metals and related substances in drinking water / (Record no. 47396)

MARC details
000 -LEADER
fixed length control field 02000nam a2200457 i 4500
ISBN 9781780405988 (e-book)
082 04 - DEWEY DECIMAL CLASSIFICATION NUMBER
Classification number 613.287
100 1# - MAIN ENTRY--AUTHOR NAME
Personal name Ferrante, M.,
245 10 - TITLE STATEMENT
Title Health effects of metals and related substances in drinking water /
300 ## - PHYSICAL DESCRIPTION
Number of Pages 1 online resource (150 pages) :
Other physical details illustrations.
490 1# - SERIES STATEMENT
Series statement Metals and related substances in drinking water: research report series
650 #0 - SUBJECT ADDED ENTRY--TOPICAL TERM
Topical Term Drinking water
Topical Term Drinking water
Topical Term Water-supply
Topical Term Water resources development
Topical Term Water
Topical Term Water quality.
Topical Term Drinking water.
Topical Term Water
856 40 - ELECTRONIC LOCATION AND ACCESS
Uniform Resource Identifier http://site.ebrary.com/lib/rucke/Doc?id=10881601
264 #1 -
-- London :
-- IWA Publishing,
-- 2014.
336 ## -
-- text
-- rdacontent
337 ## -
-- computer
-- rdamedia
338 ## -
-- online resource
-- rdacarrier
588 ## -
-- Description based on online resource; title from PDF title page (ebrary, viewed June 27, 2014).

No items available.

© 2026 Rongo University
Contact us: librarian | system librarian | Rongo university